LEADER 01898nas 2200577- 450 001 996204522103316 005 20231101152122.0 035 $a(OCoLC)780072767 035 $a(CKB)2670000000356697 035 $a(CONSER)--2020256556 035 $a(DE-599)ZDB2710045-5 035 $a(EXLCZ)992670000000356697 100 $a20110509a20109999 --- - 101 0 $aeng 135 $aurun||||||||| 181 $ctxt$2rdacontent 182 $cc$2rdamedia 183 $acr$2rdacarrier 200 00$aInternational journal of chemical and analytical science 210 1$a[Mandsaur, India] :$c[Susmita Parial] ;$a[Delhi, India]:$c[Reed Elsevier India] 210 31$a[Philadelphia, PA] :$cElsevier for JPR Solutions 215 $a1 online resource 311 $a0976-1209 517 1 $aIJCAS 531 1 $aInt. j. chem. anal. sci 606 $aAnalytical chemistry$vPeriodicals 606 $aPharmaceutical chemistry$vPeriodicals 606 $aChemistry, Organic$vPeriodicals 606 $aBiochemistry$vPeriodicals 606 $aBiochemistry$2fast$3(OCoLC)fst00831961 606 $aAnalytical chemistry$2fast$3(OCoLC)fst00853459 606 $aChemistry, Organic$2fast$3(OCoLC)fst00853501 606 $aPharmaceutical chemistry$2fast$3(OCoLC)fst01060115 608 $aPeriodicals.$2fast 608 $aPeriodicals.$2lcgft 610 00$achemie 610 00$achemistry 610 10$aChemistry (General) 610 10$aChemie (algemeen) 615 0$aAnalytical chemistry 615 0$aPharmaceutical chemistry 615 0$aChemistry, Organic 615 0$aBiochemistry 615 7$aBiochemistry. 615 7$aAnalytical chemistry. 615 7$aChemistry, Organic. 615 7$aPharmaceutical chemistry. 906 $aJOURNAL 912 $a996204522103316 996 $aInternational journal of chemical and analytical science$91904652 997 $aUNISA LEADER 01838nam1 2200385 450 001 990009828120403321 005 20240925144443.0 035 $a000982812 035 $aFED01000982812 035 $a(Aleph)000982812FED01 100 $a20140225d1964----km-y0itay50------ba 101 2 $aeng$afre$ager 102 $aRO 105 $a--------001yy 200 1 $a8. International congress of soil science$etransactions$eBucharest - Romania, 1964$d= 8. Congrès international de la science du sol$ecomptes rendus$d= 8. Internationaler Bodenkundlicher Congress$eBerichte 210 $aBucharest$cPubl. House of the Academy of the Socialist Republic of Romania$d[1964] 215 $a5 v.$d24 cm 327 $a1.: Official communication : General lectures : World soil map 463 \1$1001990009828130403321$12001 $a<<1.: >>Official communications - General lectures - World soil map 463 \1$1001990009828180403321$12001 $a<<3.: >>Soil chemistry - Soil biology - Soil mineralogy 463 \1$1001990009828200403321$12001 $a<<4.: >>Soil fertility and plant nutrition$esymposium biochemical problems of plant nutrition as related to their metabolism 463 \1$1001990009828220403321$12001 $a<<5.: >>Soil genesis, classification and cartography$especial session on forest soils 510 1 $a8. Congrès international de la science du sol$ecomptes rendus 510 1 $a8. Internationaler Bodenkundlicher Congress$eBerichte 610 0 $aPedologia 676 $a631.4$v23$zita 710 12$aInternational Congress of soil science$d8.$f<1964 ;$eBucharest - Romania>$0522275 801 0$aIT$bUNINA$gRICA$2UNIMARC 901 $aBK 912 $a990009828120403321 952 $aA AGR 910-1$b13039/2024$fFAGBC 959 $aDINGE 959 $aFAGBC 996 $a8. International congress of soil science$9835941 997 $aUNINA